00409nam a2200133 a 4500008004100000020001800041050001400059100002000073245007300093260003200166300001900198350000900217650004900226120222s2010 ||||||||||||||||| || u a9780340939932 aRC 78 Cla aSloane, Charles10aClark's pocket handbook for radiographerscCharles Sloane...[et al.] aLondonbHodder Arnoldc2010 ax, 242p.: ill. a0.00 aRADIOGRAPHY, MEDICAL--HANDBOOKS, MANUALS ETC